Víno na kameni

Guardado en:
Detalles Bibliográficos
Autor principal: Latysheva, Valeriia (Autor)
Otros Autores: Končeková, Danica (Orientador)
Formato: Manuscrito Libro
Lenguaje:eslovaco
Publicado: 2024
Materias:
Acceso en línea:http://is.stuba.sk/zp/portal_zp.pl?podrobnosti=177684
Etiquetas: Agregar Etiqueta
Sin Etiquetas, Sea el primero en etiquetar este registro!

MARC

LEADER 00000ntm a22000003a 4500
001 stuzp98209
003 SK-STU
005 20240608211748.0
007 ta
008 150427s2015----xo-----f-mn---000-0-slo-d
040 |a STU  |b slo 
041 0 |a slo 
100 1 |a Latysheva, Valeriia  |u 058180  |4 aut  |U FAD Fakulta architektúry a dizajnu  |T FAD Ústav architektúry občianskych budov  |X 99270  |U A8180  |Y 399  |7 99270 
242 0 1 |a Wine on the Rock  |y eng 
245 1 0 |a Víno na kameni 
260 |c 2024 
650 4 |a vinohrady  |2 slo 
650 4 |a lokálne  |2 slo 
650 4 |a vinarstvo  |2 slo 
650 4 |a sklo  |2 slo 
650 4 |a drevo  |2 slo 
650 4 |a betón  |2 slo 
650 4 |a vineyards  |2 eng 
650 4 |a local  |2 eng 
650 4 |a winery  |2 eng 
650 4 |a glass  |2 eng 
650 4 |a wood  |2 eng 
650 4 |a concrete  |2 eng 
700 1 |a Končeková, Danica  |u 058180  |k Z1  |4 ths  |U FAD Fakulta architektúry a dizajnu  |T FAD Ústav architektúry občianskych budov  |X 467  |U A8180  |Y 399  |7 A000000467 
856 4 |u http://is.stuba.sk/zp/portal_zp.pl?podrobnosti=177684